[Event "Sofia MGU op 162nd"]
[Site "Sofia"]
[Date "2016.02.13"]
[Round "3"]
[White "Slavejkov, Anton"]
[Black "Gelemerov, Yane"]
[Result "0-1"]
[WhiteElo "1819"]
[BlackElo "2046"]
[PlyCount "80"]
[EventDate "2016.02.13"]
[EventType "swiss"]
[EventRounds "6"]
[EventCountry "BUL"]
[SourceTitle "CBM 170 Extra"]
[Source "ChessBase"]
[SourceDate "2016.02.25"]
[SourceVersion "1"]
[SourceVersionDate "2016.02.25"]
[SourceQuality "1"]

1. e4 b6 2. d4 Bb7 3. Nc3 e6 4. Bd3 c5 5. Nge2 Nc6 6. Be3 Nf6 7. h3 Nb4 8. Nf4 Nxd3+ 9. cxd3 d6 10. 0-0 Be7 11. Nfe2 0-0 12. f4 Rc8 13. dxc5 bxc5 14. g4 c4 15. Bxa7 cxd3 16. Qxd3 Qa5 17. Be3 Ba6 18. Qb1 Rc4 19. a3 Rfc8 20. b4 Qc7 21. Rc1 Bb7 22. Nb5 Qb8 23. Rxc4 Rxc4 24. Qd3 Rxe4 25. Nec3 Ba8 26. Rc1 Rxe3 27. Qxe3 Qb7 28. Kf2 Qg2+ 29. Ke1 h6 30. Nd4 Nd5 31. Nxd5 Bh4+ 32. Kd1 Bxd5 33. b5 e5 34. Ne2 exf4 35. Nxf4 Bf3+ 36. Ne2 Bg5 37. Rc8+ Kh7 38. Qd3+ Be4 39. Qg3 Qh1+ 40. Qe1 Qxh3 0-1

[Event "Teteven op 29th"]
[Site "Teteven"]
[Date "2014.08.10"]
[Round "2"]
[White "Slavejkov, Anton"]
[Black "Chalakov, Svetlan"]
[Result "1-0"]
[WhiteElo "1696"]
[BlackElo "2002"]
[PlyCount "53"]
[EventDate "2014.08.09"]
[EventType "swiss"]
[EventRounds "9"]
[EventCountry "BUL"]
[SourceTitle "CBM 162 Extra"]
[Source "ChessBase"]
[SourceDate "2014.10.17"]
[SourceVersion "1"]
[SourceVersionDate "2014.10.17"]
[SourceQuality "1"]

1. e4 c5 2. Nf3 d6 3. d4 cxd4 4. Nxd4 Nf6 5. Nc3 a6 6. Bg5 h6 7. Bh4 Nc6 8. f4 Bg4 9. Qd2 g5 10. fxg5 hxg5 11. Bxg5 e5 12. Nxc6 bxc6 13. Be2 Bxe2 14. Qxe2 Bh6 15. Bxh6 Rxh6 16. 0-0-0 Ke7 17. h3 Qa5 18. Qd2 Qb4 19. Qxh6 Rb8 20. Rhf1 Ne8 21. Qe3 Qxb2+ 22. Kd2 Rb4 23. Rb1 Qa3 24. Qa7+ Kd8 25. Rxb4 Qxb4 26. Rxf7 Kc8 27. Qa8+ 1-0

[Event "Sofia MGU op 82nd"]
[Site "Sofia"]
[Date "2013.04.06"]
[Round "1"]
[White "Andreev, Dobrotich"]
[Black "Slavejkov, Anton"]
[Result "1-0"]
[WhiteElo "2075"]
[BlackElo "1618"]
[PlyCount "41"]
[EventDate "2013.04.06"]
[EventType "swiss"]
[EventRounds "6"]
[EventCountry "BUL"]
[SourceTitle "CBM 153 Extra"]
[Source "ChessBase"]
[SourceDate "2013.04.22"]
[SourceVersion "1"]
[SourceVersionDate "2013.04.22"]
[SourceQuality "1"]

1. e4 c5 2. Nf3 Nc6 3. d4 cxd4 4. Nxd4 g6 5. Nc3 Bg7 6. Be3 Nf6 7. Bc4 d6 8. h3 0-0 9. Bb3 Na5 10. 0-0 Nxb3 11. axb3 a6 12. Qd2 Bd7 13. Rfe1 b5 14. Bh6 Qc7 15. Bxg7 Kxg7 16. Nd5 Nxd5 17. exd5 Rfe8 18. Re3 Qb7 19. c4 bxc4 20. Qc3 Kf8 21. Ne6+ 1-0